00680 a2200193 4500010001400000020002300014035001300037037001800050082001300068090001500081100002100096245005200117260003300169270007800202300002500280942002800305999001500333952013800348 aENG-85146 a8184090102c290.00 aEN-68679 bD.B.Act / Pub14a370.1523 c1510d15101 aKunnunkal, T. V.1 aLearning to live abundantlycby T. V. Kunnunkal aNew DelhibFrank Bros.c2006 a4675-A, Ansari Road, 21, DaryaganjbNew Delhik011-23263393, 011-23279936 a125 p.b22 cm (Pbk.) adplcENk370.1523 / KUN c1488d1488 00102ddc40718NFICaDBADbDBADeDBAD/PUBg290.00l0o370.1523 KUNpEN-68679 r2008-09-15 00:00:00t1u2762v290.00w2008-09-15yEN